La leyenda de taita osongo /
Guardado en:
| Autor Principal: | |
|---|---|
| Otros Autores: | |
| Formato: | Libro |
| Publicado: |
Buenos Aires :
Fondo de Cultura Económica,
2013
|
| Series: | A la orilla del viento
|
| Materias: | |
| Etiquetas: |
Agregar Etiqueta
Sin Etiquetas, Sea el primero en etiquetar este registro!
|
| LEADER | 00854nam a22002655a 4500 | ||
|---|---|---|---|
| 001 | CEM.cems018251 | ||
| 005 | 20140328122046.0 | ||
| 008 | 130507s2013##################000#0#####d | ||
| 003 | CEMS | ||
| 020 | |a 9789505579426 | ||
| 082 | 0 | 4 | |a Cu868.4 |
| 100 | 1 | |a Rosell, Joel Franz | |
| 245 | 1 | 0 | |a La leyenda de taita osongo / |c Joel Franz Rosell ; ilustraciones de Ajubel |
| 260 | |a Buenos Aires : |b Fondo de Cultura Económica, |c 2013 | ||
| 300 | |a 80 p. | ||
| 490 | 0 | |a A la orilla del viento | |
| 505 | 0 | |a Consongo -- Alma y Leonel -- El algarrobo y la orquídea | |
| 653 | |a Literatura | ||
| 653 | |a Literatura cubana | ||
| 653 | |a Narrativa | ||
| 653 | |a Narrativa cubana | ||
| 653 | |a Literatura juvenil | ||
| 653 | |a Ministerio de educación-colección literaria | ||
| 700 | 1 | |a Ajubel, il. | |
| 859 | |a CEMS |b BIB. CEMS - Agricultura |h Cu868.4 |i R722 |p A2045.14 |t Ej.1 | ||
